000 01514aam a2200265 4500
999 _c46866
_d46866
001 20515
003 CO-MdFUSB
005 20171109103808.0
008 160830t1985 xxu||||| |||| 00| 0 eng d
020 _a0-8006-1873-4
040 _aCO-MdFUSB
_bEspañol
_cCO-MdFUSB
_dCO-MdFUSB
_erda
041 _aeng
082 _224
_aG 225.6
_bD611d
100 1 _aSegovia, Fernando F., (Editor)
_eautor
245 0 0 _aDiscipleship in the New Testament
_c/ Edited by Fernando F. Segovia
264 4 _aPhiladelphia, Pennsylvania :
_bFortress Press,
_c©1985
300 _axiv, 213 páginas
336 _2rdacontent
_atexto
_btxt
337 _2rdamedia
_asin mediación
_bn
338 _2rdacarrier
_avolumen
_bnc
500 _aEnsayos sobre el discipulado en el Nuevo Testamento Rústico
501 _aLa tradición apostólica y la de del Evangelio -- Fe incierta: Mateo retrato de los discípulos -- Discipulado en Lucas - Hechos -- "La paz os dejo, mi paz os doy": Discipulado en el cuarto Evangelio -- Imitación kenótica de Pablo y de Cristo en Filipenses 2 y 3 -- "Sed imitadores de Dios": Discipulado en la Carta a los Efesios -- Los seguidores del Cordero: La retórica visionaria y la situación político-social -- La amistad con el mundo/la amistad con Dios: un estudio de discipulado en Santiago -- Hacia atrás y hacia adelante "en sus pasos": el seguimiento de Jesús de Roma a Raymond y más allá. La tradición, la redacción y la recepción de 1 Pedro
630 0 7 _aBiblia.
_pNuevo Testamento
942 _cBK